000 00910nam a2200193 i 4500
001 164394
003 ES-MaACL
005 20230906212928.0
008 931025s1894 sp a |||| | spa d
100 1 _aSala y Pons, Claudio.
_9101680
245 1 3 _aLa neuroglia de los vertebrados
_b: estudios de histologĂ­a comparada: tesis del doctorado. /
_cpor Claudio Sala y Pons, Madrid, junio 1894.
260 _aBarcelona :
_b[s.n.],
_c1894 (
_fImp. de la Casa Provincial de Caridad)
300 _a44 p. :
_bil. ;
_c23 cm.
530 _aDisponible en formato digital.
594 1 _aTesis Univ. Complutense. Madrid.
650 4 _aNeuroglia.
_9154240
852 _aES-MaACL
_jT-1046-F-17
_z-- Enc. hol., conservando la cub. original
_z-- Enc. en un vol. facticio
856 _uhttp://bibliotecadigitalhispanica.bne.es:80/webclient/DeliveryManager?pid=1832876&custom_att_2=simple_viewer
_zBiblioteca Digital Hispánica
999 _c164394
_d164394